| 000 | 01394cam a2200421 i 4500 | ||
|---|---|---|---|
| 001 | 1535 | ||
| 003 | KOSZ 005 | ||
| 005 | 20201123125749.0 | ||
| 008 | 000320s1979 pl a f f |000 0 pol | ||
| 015 | _aPB 1980/264 | ||
| 040 |
_aWA N _cWA N _dKOSZ 005/HR |
||
| 046 | _k1979 | ||
| 080 | _a696 | ||
| 080 | _a628.1 | ||
| 080 | _a628.2 | ||
| 080 | _a(075.8) | ||
| 100 | 1 |
_aPopławski, Andrzej _eAutor |
|
| 245 | 1 | 0 |
_aInstalacje wodociągowe i kanalizacyjne : _bmateriały pomocnicze do ćwiczeń / _cAndrzej Popławski, Stanisław Sosnowski. |
| 260 |
_aWarszawa : _bWydawnictwa Politechniki Warszawskiej, _c1979. |
||
| 300 |
_a170 s., [3] k. tabl. : _bil., tab., wykr. ; _c24 cm. |
||
| 336 |
_2rdacontent _aTekst _btxt |
||
| 337 |
_2rdamedia _aBez urządzenia pośredniczącego _bn |
||
| 338 |
_2rdacarrier _aWolumin _bnc |
||
| 380 | _aKsiążki | ||
| 380 | _aPublikacje dydaktyczne | ||
| 388 | _a1901-2000 | ||
| 388 | _a1945-1989 | ||
| 504 | _aBibliogr. s. 170. | ||
| 650 | 4 | _aKanalizacja | |
| 650 | 4 | _aWodociąg | |
| 650 | 4 | _aInstalacje sanitarne | |
| 655 | 4 | _aPodręczniki akademickie | |
| 658 | _aArchitektura i budownictwo | ||
| 658 | _aInżynieria i technika | ||
| 700 | 1 |
_aSosnowski, Stanisław _eAutor |
|
| 856 |
_uhttp://koha.tu.koszalin.pl/cgi-bin/koha/opac-detail.pl?biblionumber=1535 _yKatalog online BPK |
||
| 942 |
_2UKD _cKS |
||
| 999 |
_c1535 _d1535 |
||